Statistics for Top 20 Cities with Longest Metro Rail Tunnels

Click here to take the quiz!

General Stats

  • This quiz has been taken 234 times
  • The average score is 12 of 20

Answer Stats

km City miles % Correct
27.8London17.2
96%
40.7Tokyo25.3
95%
30.8New York19.1
95%
57.1Beijing35.5
90%
34.4Shanghai21.4
87%
41.5Moscow25.7
85%
31.8Berlin19.7
78%
47.6Seoul29.6
76%
41.0Madrid25.5
73%
29.7St Petersburg18.5
66%
27.1Osaka16.7
62%
24.0Delhi14.9
59%
60.4Guangzhou37.5
56%
24.4Munich15.2
55%
35.7Singapore22.2
54%
26.4Nagoya16.4
33%
30.8Montréal19.1
33%
23.1Warsaw14.4
24%
28.0Wuhan17.5
22%
25.7Suzhou16.0
3%

Score Distribution

Percentile by Number Answered

Percent of People with Each Score

Your Score History

You have not taken this quiz